Computational fluid dynamics (Record no. 5417)

000 -LEADER
fixed length control field 00558nam a22002054a 4500
001 - CONTROL NUMBER
control field 5417
003 - CONTROL NUMBER IDENTIFIER
control field BD-DhUET
008 - FIXED-LENGTH DATA ELEMENTS--GENERAL INFORMATION
fixed length control field 001218s2002 enka b 001 0 eng
020 ## - INTERNATIONAL STANDARD BOOK NUMBER
International Standard Book Number 0521594162
040 ## - CATALOGING SOURCE
Original cataloging agency DLC
Transcribing agency DLC
Modifying agency BD-DhUET
082 00 - DEWEY DECIMAL CLASSIFICATION NUMBER
Classification number 532.050285
Item number CHU/2002
100 ## - MAIN ENTRY--PERSONAL NAME
Personal name Chung, T. J.
245 10 - TITLE STATEMENT
Title Computational fluid dynamics
250 ## - EDITION STATEMENT
Edition statement 1st ed.
260 ## - PUBLICATION, DISTRIBUTION, ETC. (IMPRINT)
Place of publication, distribution, etc. New York
Name of publisher, distributor, etc. Cambridge University Press
Date of publication, distribution, etc. 2002
300 ## - PHYSICAL DESCRIPTION
Extent xxiii, 1012 p.
Other physical details ill.
Dimensions 26 cm.
504 ## - BIBLIOGRAPHY, ETC. NOTE
Bibliography, etc Includes bibliographies
650 #0 - SUBJECT ADDED ENTRY--TOPICAL TERM
Topical term or geographic name as entry element Fluid dynamics - Data processing
942 ## - ADDED ENTRY ELEMENTS (KOHA)
Koha item type General Book
Holdings
Damaged status Koha normalized classification for sorting Lost status Date acquired Not for loan Withdrawn status Price effective from Copy number Koha date last seen Source of classification or shelving scheme Shelving location Sublocation or collection (holding branch) Koha full call number Piece designation (barcode) Location (home branch) Koha item type
 532_000000000000000_050285CHU2 2014-11-26  2014-11-2612017-10-11 Circulation sectionCentral Library, BUET532.050285/CHU/2002103636Central Library, BUETGeneral Book
 532_050285000000000_CHU_2002 2015-06-22  2015-06-2222015-06-22 Reading sectionCentral Library, BUET532.050285/CHU/2002101213Central Library, BUETReading Item
 532_050285000000000_CHU_2002 2015-08-24  2015-08-2432022-04-24 Circulation sectionCentral Library, BUET532.050285/CHU/2002102625Central Library, BUETGeneral Book
 532_050285000000000_CHU_2002 2007-05-27  2018-05-0742018-05-07 Circulation sectionCentral Library, BUET532.050285/CHU/2002103637Central Library, BUETGeneral Book